000 00360nam a2200157Ia 4500
008 151213s9999 xx 000 0 und d
100 _aR.K. Varaya
245 _aThe Guide
_cR.K. Varaya
250 _a1st
260 _aIndia
_bIndian thua Public
_c1958
300 _a4225 p.
650 _aEnglish
650 _aGuide
700 _aR.K. Varaya
999 _c2649
_d2649